INTELLIGENT SOFTWARE FOR PRODUCT FORMULATION (Record no. 33094)

MARC details
000 -LEADER
fixed length control field 00352nam a22001457a 4500
003 - CONTROL NUMBER IDENTIFIER
control field SGT
020 ## - INTERNATIONAL STANDARD BOOK NUMBER
International Standard Book Number 0-7484-0732-4
082 ## - DEWEY DECIMAL CLASSIFICATION NUMBER
Classification number 006.33
Item number ROW
100 ## - MAIN ENTRY--PERSONAL NAME
Personal name ROWE, RAYMOND
245 ## - TITLE STATEMENT
Title INTELLIGENT SOFTWARE FOR PRODUCT FORMULATION
260 ## - PUBLICATION, DISTRIBUTION, ETC. (IMPRINT)
Place of publication, distribution, etc U.K.
Name of publisher, distributor, etc TAYLOR & FRANCIS
Year of Publication 1998
300 ## - PAGE DESCRIPTION
No. of Pages 250
650 ## - SUBJECT ADDED ENTRY--TOPICAL TERM
Topical term or geographic name as entry element INTELLIGENT SOFTWARE
942 ## - ADDED ENTRY ELEMENTS (KOHA)
Source of classification or shelving scheme Dewey Decimal Classification
Koha item type Books
Holdings
Withdrawn status Lost status Source of classification or shelving scheme Damaged status Not for loan Collection code Home library Current library Shelving location Date acquired Vendor Name SGTU Bill Number Total Checkouts Full call number Accession No. (Barcode) Date last seen Bill Date Koha item type
    Dewey Decimal Classification   Not For Loan SCIENCE SGT Science & Social Sciences Library SGT Science & Social Sciences Library Reference Book 31/10/2025 ABC SGTU 21721   006.33 ROW DP1583 31/10/2025 17/09/2025 Books